[Event "POL-chT2 South U19"]
[Site "Rudnik"]
[Date "2000.??.??"]
[Round "7.3"]
[White "Motyka, Michal"]
[Black "Gomula, Daniel"]
[Result "0-1"]
[WhiteElo "2000"]
[BlackElo "1800"]
[PlyCount "60"]
[EventDate "2000.07.20"]
[EventType "team-swiss"]
[EventRounds "10"]
[EventCountry "POL"]
[SourceTitle "EXT 2005"]
[Source "ChessBase"]
[SourceDate "2004.11.15"]
[SourceVersion "1"]
[SourceVersionDate "2004.11.15"]
[SourceQuality "1"]
[WhiteTeam "Wisla Strumien U19"]
[BlackTeam "Katowice Start U19"]
[WhiteTeamCountry "POL"]
[BlackTeamCountry "POL"]

1. e4 e6 2. d4 d5 3. e5 c5 4. Nf3 Nc6 5. Bd3 cxd4 6. 0-0 Bd7 7. a3 Nge7 8. b4 Ng6 9. Re1 Qc7 10. Qe2 Be7 11. b5 Na5 12. Nxd4 0-0 13. Bb2 Nf4 14. Qg4 Nxd3 15. cxd3 Bc5 16. a4 a6 17. bxa6 Rxa6 18. Nb5 Qb6 19. N1c3 Bxf2+ 20. Kh1 Bxe1 21. Rxe1 Qf2 22. Rb1 Bxb5 23. axb5 Raa8 24. Ne2 Rfc8 25. Bd4 Qf5 26. Qxf5 exf5 27. Nc3 Kf8 28. Nxd5 Nb3 29. Bc3 Rd8 30. Nb6 Ra2 0-1